| 000 | 00542nam a22001577a 4500 | ||
|---|---|---|---|
| 999 |
_c15522 _d15522 |
||
| 003 | OSt | ||
| 008 | 180904b ||||| |||| 00| 0 eng d | ||
| 082 |
_a631.1 _bPOO/CO |
||
| 100 |
_aPooja, V _93300 |
||
| 245 | _aComputer aided analysis of 'sit and stand' type coconut climbers for mechanical stability | ||
| 260 |
_aThavanur _bDepartment of farm machinery and power engineering _c2018 |
||
| 300 |
_a120 _eCD |
||
| 700 |
_aJayan, P.R (Guide) _93301 |
||
| 856 | _uhttps://drive.google.com/open?id=1OElZVMLhb0-ffY9I13phvgZPWKjNsu2F | ||
| 942 | _cPR | ||